书目信息 |
| 题名: |
创意家居客厅造价与材料注释系列
|
|
| 作者: | ;理想宅编辑部 编 | |
| 分册: | 顶面·地面 | |
| 出版信息: | 福州 福建科学技术出版社 2013 |
|
| 页数: | 140页 | |
| 开本: | 19×21cm | |
| 丛书名: | ||
| 单 册: | ||
| 中图分类: | TU241.041-64 | |
| 科图分类: | ||
| 主题词: | 住宅--客厅--室内装饰设计--图集 , 住宅--地板--室内装饰设计--图集 , 住宅 , 住宅--顶棚--室内装饰设计--图集 , 室内装饰设计 , 顶棚 , 地板 , 客厅 | |
| 电子资源: | ||
| ISBN: | 978-7-5335-4336-5 | |
| 000 | 01070nam0 2200301 450 | |
| 001 | 142189 | |
| 005 | 20141220120626.92 | |
| 010 | @a978-7-5335-4336-5@dCNY 29.80 | |
| 100 | @a20130820d2013 em y0chiy50 ea | |
| 101 | 0 | @achi |
| 102 | @aCN@b350000 | |
| 105 | @aa z 000yy | |
| 200 | 1 | @a创意家居客厅造价与材料注释系列@9chuang yi jia ju ke ting zao jia yu cai liao zhu shi xi lie@i顶面·地面@b专著@f理想·宅编 |
| 210 | @a福州@c福建科学技术出版社@d2013 | |
| 215 | @a140页@d19×21cm | |
| 330 | @a本书以客厅空间的顶面和地面为主要内容,并用实用型、舒适型和奢华型作为具体分类,加入了具有针对性的小知识,意图让没有任何装修经验的读者也能够懂,使客厅的整体装饰效果更为完美。 | |
| 606 | 0 | @a住宅@x客厅@x室内装饰设计@j图集 |
| 606 | 0 | @a住宅@x地板@x室内装饰设计@j图集 |
| 606 | 0 | @a住宅 |
| 606 | 0 | @a住宅@x顶棚@x室内装饰设计@j图集 |
| 606 | 0 | @a室内装饰设计 |
| 606 | 0 | @a顶棚 |
| 606 | 0 | @a地板 |
| 606 | 0 | @a客厅 |
| 690 | @aTU241.041-64@v5 | |
| 711 | 02 | @a理想宅编辑部@9li xiang zhai bian ji bu@4编 |
| 801 | 0 | @c20141220 |
| 905 | @a241430@dTU241.041-64@eL3541 | |
| 创意家居客厅造价与材料注释系列.顶面·地面/理想·宅编.-福州:福建科学技术出版社,2013 |
| 140页;19×21cm |
| ISBN 978-7-5335-4336-5:CNY 29.80 |
| 本书以客厅空间的顶面和地面为主要内容,并用实用型、舒适型和奢华型作为具体分类,加入了具有针对性的小知识,意图让没有任何装修经验的读者也能够懂,使客厅的整体装饰效果更为完美。 |
| ● |
| 相关链接 |
|
|
|
正题名:创意家居客厅造价与材料注释系列
索取号:TU241.041-64/L3541
 
预约/预借
| 序号 | 登录号 | 条形码 | 馆藏地/架位号 | 状态 | 备注 |
| 1 | 1134181 | 211341813 | 建筑库101/101建筑库 64排3列3层/ [索取号:TU241.041-64/L3541] | 在馆 | |
| 2 | 1134182 | 211341822 | 建筑库101/101建筑库 64排3列3层/ [索取号:TU241.041-64/L3541] | 在馆 | |
| 3 | 1134183 | 211341831 | 建筑库101/101建筑库 64排3列3层/ [索取号:TU241.041-64/L3541] | 在馆 |